Marketing research: An over all view (Record no. 33686)

MARC details
000 -LEADER
fixed length control field 00303nam a2200109Ia 4500
082 ## - DEWEY DECIMAL CLASSIFICATION NUMBER
Classification number 339.138
Item number DHA
100 ## - MAIN ENTRY--AUTHOR NAME
Personal name Dharma Vira Aggarwala
245 #0 - TITLE STATEMENT
Title Marketing research: An over all view
260 ## - PUBLICATION, DISTRIBUTION, ETC. (IMPRINT)
Place of publication Chandigarh
Name of publisher All India Directories
Year of publication 1979
942 ## - ADDED ENTRY ELEMENTS (KOHA)
Koha item type Books
Holdings
Withdrawn status Lost status Damaged status Not for loan Home library Current library Date acquired Cost, normal purchase price Full call number Accession Number Koha item type
        RRII Library RRII Library 16/12/2021 18.00 339.138 DHA 14133 Books